| 000 | 02933cam a22002658a 4500 | ||
|---|---|---|---|
| 999 |
_c8601 _d8601 |
||
| 001 | 15897304 | ||
| 003 | GBCCL | ||
| 005 | 20241126110654.0 | ||
| 008 | 090908s2010 miu 000 0 eng | ||
| 010 | _a 2009037051 | ||
| 020 | _a9780802829559 (cloth : alk. paper) | ||
| 040 |
_aDLC _cDLC _dDLC |
||
| 050 | 0 | 0 |
_aBS2695.53 _b.P47 2010 |
| 082 | 0 | 0 |
_a227.5077 _222 _bPET |
| 100 | 1 |
_aPeterson, Eugene H., _d1932-2018. _915172 |
|
| 245 | 1 | 0 |
_aPractice resurrection : _ba conversation on growing up in Christ / _cEugene H. Peterson. |
| 260 |
_aGrand Rapids, Mich. : _bWilliam B. Eerdmans Pub. Co., _c2010. |
||
| 300 |
_axii, 290 p. ; _c24 cm. |
||
| 504 | _aIncludes bibliographical references and index. | ||
| 505 | 0 | _aEphesus and the Ephesians -- The church of Ephesus : Ephesians 1:1-2 11 -- The church we never see -- Church illusions and deceptions -- The miracle of church -- The message to the Ephesians : Ephesians 4:1, 7 -- The axios metaphor -- The Psalm 68 text : "you ascended the high mount ..." -- The blessing of God -- God and His glory : Ephesians 1:3-14 -- Lost in the cosmos -- God's verbs -- God's glory -- Paul and the saints : Ephesians 1:15-23 -- "I remember you in my prayers" -- "All the saints" -- "It is here we are on it, it is under us" -- Grace and good works : Ephesians 2:1-10 -- Acquired passivity -- Good works -- Works as a form for glory -- The creation of church -- Peace and the broken wall : Ephesians 2:11-22 -- The brambles of individualism -- "A serious house on serious earth" -- The ontological church -- "Jesus is our peace" -- The hospitable church -- Church and God's manifold wisdom : Ephesians 3:1-13 -- "I am the very least of all the saints" -- Meshech and the tents of Kedar -- Inscape -- Shadow work -- Prayer and all the fullness : Ephesians 3:14-21 -- "Glory in the church and in Christ jesus" -- "I bow my knees before the father" -- "All the fullness" -- "The inner man" -- One and all : Ephesians 4:1-16 -- "The calling to which you have been called" -- The language of paraclesis -- Deometry -- Baron von Hugel -- The congregation at work -- Holiness and the Holy Spirit : Ephesians 4:17-32 -- Stalamus chief -- Negative space -- Shy member of the Trinity -- Love and worship : Ephesians 5:1-20 -- "Things fall apart, the centre cannot hold . . ." -- The language of love -- "Sleeper, awake!" -- Household and workplace : Ephesians 5:21; 6:9 -- Borrioboola-gha -- "Wing to wing and oar to oar" -- Between the ark and the tomb -- The wiles of the devil and the armor of God : Ephesians 6:10-17 -- "Stand firm" -- "The wiles of the devil" -- "The whole armor of God" -- "Pray in the spirit at all times" -- "Tychicus will tell you everything". | |
| 630 | 0 | 0 |
_aBible. _pEphesians _vCommentaries. _93075 |
| 906 |
_a7 _bcbc _corignew _d1 _eecip _f20 _gy-gencatlg |
||
| 942 |
_2ddc _cBK _02 |
||